02018nam a2200301 i 4500003000900000005001700009007000300026008004100029040003000070082003100100100003600131245010100167250001700268264004600285300005600331336002700387337003300414338002800447500007700475500003300552504003300585505082900618534002301447600005301470650004901523651007801572651006601650DO-SdBNP20250630100925.0ta220718e1991 dr aoc|gr|||| 001 edspa d aDO-SdBNPbspacBNPHUerda 4a972.93053bG934ul 19912221 aGuerrero, Miguel,d1945-eautor14aLos últimos días de la Era de Trujillo /cMiguel Guerrero ; corrección Esther de Guerrero a3a edición aSanto Domingo :bEditora Corripio,c1991. a374 páginas :bilustraciones y retratos ;c23 cm. 2rdacontentatextobtxt 2rdamediaasin mediaciónbn 2rdacarrieravolumenbnc aIncluye datos biográficos del autor en la solapa de la contracubierta. aIncluye índice de nombres. aBibliografía : p. 349-351. aIntroducción.gCapítulo 1.t!Cómo se mata a tirano¡ --gCapítulo 2.tAmiama e Imbert se esconden .--gCapítulo 3.tEn busca de una solución democrática.--gCapítulo 4. tBalaguer enfrenta su primera crisis.--gCapítulo 5.tLa conspiración de los coroneles.--gCapítulo 6.tUn periplo por el Caribe.--gCapítulo 7.tTrujillo sale de su tumba.--gCapítulo 8.tRamfis abandona el país.--gCapítulo 9.tUn ataque con bombas y cohetes.--gCapítulo 10.tEl exilio de Trujillo.--gCapítulo 11.tLa paz vuelve a San Isidro.--gCapítulo 12.tUn final luctuoso para una era de sangre.--gCapítulo 13.tCarajo, con lo grande que era ese hombre.--gCapítulo 14.tBalaguer y la Unión Cívica Nacional.--gCapítulo 15.t"La era de Trujillo ha terminado".--tEpílogo.--tÍndice de nombres. aEdición original14aTrujillo Molina, Rafael Leónidas, d1891-1961 4aHomicidio políticozRepública Dominicana 4aRepública DominicanaxPolítica y gobiernoyEra de Trujillo, 1930-1961 0aRepública DominicanaxHistoria yEra de Trujillo, 1930-1961